Principesse Disney - Statistics

Statistiche generali
  • Questo quiz è stato fatto 790 volte
  • Il punteggio medio è 10 su 13
Statistiche sulle risposte
Film Principessa % Corretto
_________ e i Sette Nani Biancaneve
100%
La ____ e la Bestia Bella
98%
La Sirenetta Ariel
96%
________ - L'Intreccio della Torre Rapunzel
94%
Aladdin Jasmín
90%
La Bella Addormentata nel bosco Aurora
88%
________ Cenerentola
87%
_____ Mulan
67%
Ribelle - The Brave Mérida
66%
La Principessa e il Ranocchio Tiana
66%
____ e l'Ultimo Drago Raya
56%
Oceania Vaiana
56%
________ Pocahontas
53%
Nessun quiz corrispondente trovato
Distribuzione punteggi
Percentuale di utenti per punteggio
Percentile per numero di risposta
I tuoi punteggi nel tempo
Non hai fatto questo quiz